Válasz ; Lecke [versek] /
Elmentve itt :
| Szerző: | |
|---|---|
| Dokumentumtípus: | Cikk |
| Megjelent: |
1981
|
| Sorozat: | Tiszatáj
35 No. 5 |
| Kulcsszavak: | Magyar irodalom - vers |
| Online Access: | http://tiszataj.bibl.u-szeged.hu/11363 |
| LEADER | 00572nab a2200181 i 4500 | ||
|---|---|---|---|
| 001 | tisza11363 | ||
| 005 | 20200330142910.0 | ||
| 008 | 170623s1981 hu o 0|| hun d | ||
| 022 | |a 0133-1167 | ||
| 040 | |a SZTE Tiszatáj Archívum |b hun | ||
| 041 | |a hun | ||
| 100 | 1 | |a Petrőczi Éva | |
| 245 | 1 | 0 | |a Válasz ; Lecke |h [elektronikus dokumentum] : |b [versek] / |c Petrőczi Éva |
| 260 | |c 1981 | ||
| 300 | |a 14-16 | ||
| 490 | 0 | |a Tiszatáj |v 35 No. 5 | |
| 695 | |a Magyar irodalom - vers | ||
| 856 | 4 | 0 | |u http://tiszataj.bibl.u-szeged.hu/11363/1/tiszataj_1981_005_014-016.pdf |z Dokumentum-elérés |